| 000 | 00937cam a2200277 4500 | ||
|---|---|---|---|
| 008 | 000000n2001 000 0 eng u | ||
| 020 | _a1842190059 | ||
| 035 | _a(Sirsi) u106242 | ||
| 050 | _a333.3209667 | ||
| 100 | _aSomevi, J. | ||
| 245 | 4 |
_aThe effectiveness of institutions in land registration in Ghana _h[electronic resource] |
|
| 260 |
_aLondon _bRICS Foundation _c2001 |
||
| 300 |
_a20p. _c30cm. |
||
| 490 | _aRICS Foundation Our Common Estate Series | ||
| 650 | _aGHANA | ||
| 650 | _aLAND REGISTRATION | ||
| 650 | _aLAND TITLE REGISTRY | ||
| 650 | _aLAND TITLE SYSTEM | ||
| 650 | _aLANDS COMMISSION | ||
| 650 | _aPROPERTY RIGHTS | ||
| 650 | _aSURVEY DEPARTMENT | ||
| 690 | _aPROPERTY | ||
| 710 |
_aRoyal Institution of Chartered Surveyors _bResearch Foundation _93861 |
||
| 856 | 4 | 0 |
_uhttps://www.rics.org/Global/Downloads/EffectivenessInstitutionsGhana200110.pdf _zView this item at www.rics.org |
| 942 | _n0 | ||
| 999 |
_c100545 _d100545 |
||